| 000 | 00750nam a2200253 a 4500 | ||
|---|---|---|---|
| 008 | |||
| 020 | _a0256066809 (pbk.) | ||
| 049 | _aMAIN | ||
| 090 | _aQA76.5 ROC | ||
| 100 | 1 | _aRochester, Jack B. | |
| 245 | 1 | 0 |
_aComputers for people : _bconcepts and applications / _cJack B. Rochester, Jon Rochester. |
| 260 |
_aHomewood : _b Irwin, _c1991. |
||
| 300 |
_axxi, 487 p. : _bcol. ill. ; _c26 cm. |
||
| 504 | _aIncludes bibliographical references. | ||
| 500 | _aIncludes index. | ||
| 650 | 0 | _aComputers. | |
| 650 | 0 | _aComputer literacy. | |
| 700 | 1 | _aRochester, Jon. | |
| 907 |
_a.b10000574 _b01-02-07 _c17-04-03 |
||
| 003 | |||
| 005 | 20230123133421.0 | ||
| 040 | _cNUST | ||
| 942 |
_cBOOKS _kQA76.5 ROC |
||
| 999 |
_c148220 _d148220 |
||